000 00355 a2200157 4500
001 177368
020 _a
040 _cMagnum
100 _aPortela, Fernando
240 1 0 _aAfrica do sul: free south africa
_lpor
245 1 0 _aAfrica do sul: free south africa
362 0 _a1899
440 1 _aÁtica
697 _aMAGNITO: PARADIDATICO
942 _cBK
999 _c177368
_d177368